Husserl "ego cogito" értelmezése
Elmentve itt :
| Szerző: | |
|---|---|
| Adatforrás: | Philobibl |
| Forrásdokumentuma: | Világosság 42.2001:4-5. p. 125-132. |
| Dokumentumtípus: | Cikk |
| Nyelv: | magyar |
| Kulcsszavak: | fenomenológia logika filozófia, német |
| Megjelent: |
2001
|
| LEADER | 00399nab a2200145 c 4500 | ||
|---|---|---|---|
| 001 | bibPHI0032420 | ||
| 005 | 20200924123031.4 | ||
| 008 | 080902s2001 hu hun | ||
| 100 | 1 | |a Toronyai Gábor | |
| 245 | 1 | 0 | |a Husserl "ego cogito" értelmezése |c Toronyai Gábor |
| 260 | |a 2001 | ||
| 695 | |a fenomenológia | ||
| 695 | |a logika | ||
| 695 | |a filozófia, német | ||
| 773 | 0 | |t Világosság |g 42.2001:4-5. p. 125-132. | |